Wirtschaftskriminalität in der Schweiz: e. Übersicht über d. Erscheinungsformen ...; Referat
| 1. VerfasserIn: | |
|---|---|
| Medienart: | Druck Buch |
| Sprache: | Deutsch |
| Veröffentlicht: |
Basel
Helbing & Lichtenhahn
1985
|
| In: |
Zeitschrift für schweizerisches Recht (N.F., 104,2,2 = Bd. 126,2,2)
Jahr: 1985 |
| Bestand in Tübingen: | In Tübingen vorhanden. IFK: C XII 153 UB: KB 7 E 476 |
| Verfügbarkeit prüfen: | HBZ Gateway |
| Subito Bestelldienst: | Jetzt bestellen. |
| Schlagwörter: |
MARC
| LEADER | 00000cam a22000002c 4500 | ||
|---|---|---|---|
| 001 | 109105164X | ||
| 003 | DE-627 | ||
| 005 | 20250630121926.0 | ||
| 007 | tu | ||
| 008 | 900719s1985 xx ||||| 00| ||ger c | ||
| 035 | |a (DE-627)109105164X | ||
| 035 | |a (DE-576)02105164X | ||
| 035 | |a (DE-599)BSZ02105164X | ||
| 035 | |a (OCoLC)311286905 | ||
| 035 | |a (DE-604)8003458369 | ||
| 040 | |a DE-627 |b ger |c DE-627 |e rakwb | ||
| 041 | |a ger | ||
| 100 | 1 | |a Schmid, Niklaus |d 1936- |0 (DE-588)123016983 |0 (DE-627)082296464 |0 (DE-576)162929102 |4 aut | |
| 109 | |a Schmid, Niklaus 1936- |a Schmid, Nikolaus 1936- | ||
| 245 | 1 | 0 | |a Wirtschaftskriminalität in der Schweiz |b e. Übersicht über d. Erscheinungsformen ...; Referat |c von Niklaus Schmid |
| 264 | 1 | |a Basel |b Helbing & Lichtenhahn |c 1985 | |
| 300 | |a S. 137 - 293 | ||
| 336 | |a Text |b txt |2 rdacontent | ||
| 337 | |a ohne Hilfsmittel zu benutzen |b n |2 rdamedia | ||
| 338 | |a Band |b nc |2 rdacarrier | ||
| 490 | 1 | |a Zeitschrift für schweizerisches Recht |v N.F., 104,2,2 = Bd. 126,2,2 | |
| 689 | 0 | 0 | |d g |0 (DE-588)4053881-3 |0 (DE-627)104584904 |0 (DE-576)20910614X |a Schweiz |2 gnd |
| 689 | 0 | 1 | |d s |0 (DE-588)4066464-8 |0 (DE-627)106113437 |0 (DE-576)209164719 |a Wirtschaftskriminalität |2 gnd |
| 689 | 0 | 2 | |d s |0 (DE-588)4112701-8 |0 (DE-627)104321679 |0 (DE-576)209470127 |a Bekämpfung |2 gnd |
| 689 | 0 | |5 (DE-627) | |
| 689 | 1 | 0 | |d g |0 (DE-588)4053881-3 |0 (DE-627)104584904 |0 (DE-576)20910614X |a Schweiz |2 gnd |
| 689 | 1 | 1 | |d s |0 (DE-588)4066464-8 |0 (DE-627)106113437 |0 (DE-576)209164719 |a Wirtschaftskriminalität |2 gnd |
| 689 | 1 | |5 (DE-627) | |
| 830 | 0 | |a Zeitschrift für schweizerisches Recht |v N.F., 104,2,2 = Bd. 126,2,2 |9 1985,104,2,2 |w (DE-627)129457868 |w (DE-576)014821265 |w (DE-600)200139-1 |x 0254-945X |7 am | |
| 951 | |a BO | ||
| ELC | |b 1 | ||
| LOK | |0 000 xxxxxcx a22 zn 4500 | ||
| LOK | |0 001 2147876356 | ||
| LOK | |0 003 DE-627 | ||
| LOK | |0 004 109105164X | ||
| LOK | |0 005 19900719000000 | ||
| LOK | |0 008 900719||||||||||||||||ger||||||| | ||
| LOK | |0 040 |a DE-21 |c DE-627 |d DE-21 | ||
| LOK | |0 852 |a DE-21 | ||
| LOK | |0 852 1 |c KB 7 E 476 |9 00 | ||
| LOK | |0 935 |a krim | ||
| LOK | |0 936ln |a k1 | ||
| LOK | |0 939 |a 19-07-90 |b l01 | ||
| LOK | |0 000 xxxxxcx a22 zn 4500 | ||
| LOK | |0 001 2147876372 | ||
| LOK | |0 003 DE-627 | ||
| LOK | |0 004 109105164X | ||
| LOK | |0 005 20020607000000 | ||
| LOK | |0 008 931222||||||||||||||||ger||||||| | ||
| LOK | |0 040 |a DE-21-110 |c DE-627 |d DE-21-110 | ||
| LOK | |0 852 |a DE-21-110 | ||
| LOK | |0 852 1 |c C XII 153 |m p |9 00 | ||
| LOK | |0 935 |a k110 | ||
| LOK | |0 936ln |a 10.5 | ||
| LOK | |0 938 |k p | ||
| LOK | |0 939 |a 22-12-93 |b l01 | ||
| ORI | |a SA-MARC-krimdoka001.raw | ||
| SIG | |a IFK: C XII 153 | ||
| SIG | |a UB: KB 7 E 476 | ||
